<?xml version="1.0" encoding="UTF-8"?><?xml-stylesheet type="text/xsl" href="static/style.xsl"?><OAI-PMH xmlns="http://www.openarchives.org/OAI/2.0/" xmlns:xsi="http://www.w3.org/2001/XMLSchema-instance" xsi:schemaLocation="http://www.openarchives.org/OAI/2.0/ http://www.openarchives.org/OAI/2.0/OAI-PMH.xsd"><responseDate>2026-04-13T01:04:00Z</responseDate><request verb="GetRecord" identifier="oai:www.recercat.cat:2072/441895" metadataPrefix="marc">https://recercat.cat/oai/request</request><GetRecord><record><header><identifier>oai:recercat.cat:2072/441895</identifier><datestamp>2025-05-08T09:32:21Z</datestamp><setSpec>com_2072_98</setSpec><setSpec>col_2072_378192</setSpec></header><metadata><record xmlns="http://www.loc.gov/MARC21/slim" xmlns:dcterms="http://purl.org/dc/terms/" xmlns:xsi="http://www.w3.org/2001/XMLSchema-instance" xmlns:doc="http://www.lyncode.com/xoai" xsi:schemaLocation="http://www.loc.gov/MARC21/slim http://www.loc.gov/standards/marcxml/schema/MARC21slim.xsd">
   <leader>00925njm 22002777a 4500</leader>
   <datafield ind2=" " ind1=" " tag="042">
      <subfield code="a">dc</subfield>
   </datafield>
   <datafield ind2=" " ind1=" " tag="720">
      <subfield code="a">Clavería, Ana</subfield>
      <subfield code="e">author</subfield>
   </datafield>
   <datafield ind2=" " ind1=" " tag="720">
      <subfield code="a">Rodríguez Barragán, María</subfield>
      <subfield code="e">author</subfield>
   </datafield>
   <datafield ind2=" " ind1=" " tag="720">
      <subfield code="a">Fernández San Martín, Maria Isabel</subfield>
      <subfield code="e">author</subfield>
   </datafield>
   <datafield ind2=" " ind1=" " tag="720">
      <subfield code="a">Nabbe, Patrice</subfield>
      <subfield code="e">author</subfield>
   </datafield>
   <datafield ind2=" " ind1=" " tag="720">
      <subfield code="a">Le Reste, Jean Yves</subfield>
      <subfield code="e">author</subfield>
   </datafield>
   <datafield ind2=" " ind1=" " tag="720">
      <subfield code="a">Miguéns Blanco, Iria</subfield>
      <subfield code="e">author</subfield>
   </datafield>
   <datafield ind2=" " ind1=" " tag="720">
      <subfield code="a">Cossio, Yolima</subfield>
      <subfield code="e">author</subfield>
   </datafield>
   <datafield ind2=" " ind1=" " tag="260">
      <subfield code="c">2020</subfield>
   </datafield>
   <datafield ind2=" " ind1=" " tag="520">
      <subfield code="a">Altres ajuts: Este trabajo recibió financiación de la Sociedad Española de Medicina de Familia y Comunitaria (semFYC) al resultar ganador de una ayuda para la realización de tesis doctorales Isabel Fernández 2019. Este proyecto ha recibido una beca de la Fundación Instituto Universitario de Investigación en Atención Primaria de Salud Jordi Gol i Gurina (IDIAP Jordi Gol 7Z19/019) para la capacitación en investigación y realización del doctorado en Atención Primaria y otra beca de la cátedra de la Universidad Autónoma de Barcelona-Novartis de investigación en Medicina Familiar y Comunitaria, ambas en la convocatoria 2019. Estas ayudas han sido otorgadas a la autora M. Rodríguez-Barragán.</subfield>
   </datafield>
   <datafield ind2=" " ind1=" " tag="520">
      <subfield code="a">Describir el proceso de traducción y adaptación transcultural de la escala Hopkins Symptom Checklist-25 (HSCL-25) al español, catalán y gallego. Traducción, adaptación transcultural y análisis de la comprensibilidad mediante entrevistas cognitivas. Unidades de Investigación de Atención Primaria de Barcelona y Vigo. Médicos de familia y pacientes de Atención Primaria. Siguiendo las guías de la International Society for Pharmacoeconomics and Outcomes Research (ISPOR), se realizaron: 1) traducción directa; 2) estudio piloto basado en metodología Delphi con médicos de familia; 3) retrotraducción; 4) análisis de equivalencias; 5) análisis de comprensibilidad de las versiones obtenidas en español, catalán y gallego mediante entrevista cognitiva en una muestra de pacientes, y 6) armonización transcultural. En el estudio Delphi participaron 73 médicos de familia. El consenso se estableció en la primera ronda para la traducción española y catalana, y en la segunda ronda para la gallega. Las retrotraducciones fueron similares en los 3 idiomas. Todas las versiones fueron equivalentes entre ellas y respecto a la versión original inglesa. En la entrevista cognitiva participaron 10 pacientes por cada idioma, sin que se modificara la redacción de los ítems. Las traducciones de la escala HSCL-25 en español, catalán y gallego son equivalentes semántica y conceptualmente a la versión original. Las traducciones son comprensibles y bien aceptadas por los pacientes.</subfield>
   </datafield>
   <datafield tag="653" ind2=" " ind1=" ">
      <subfield code="a">Atención primaria de salud</subfield>
   </datafield>
   <datafield tag="653" ind2=" " ind1=" ">
      <subfield code="a">Depresión</subfield>
   </datafield>
   <datafield tag="653" ind2=" " ind1=" ">
      <subfield code="a">Trastorno depresivo</subfield>
   </datafield>
   <datafield tag="653" ind2=" " ind1=" ">
      <subfield code="a">Encuestas y cuestionarios</subfield>
   </datafield>
   <datafield tag="653" ind2=" " ind1=" ">
      <subfield code="a">Técnica Delphi</subfield>
   </datafield>
   <datafield tag="653" ind2=" " ind1=" ">
      <subfield code="a">Primary health care</subfield>
   </datafield>
   <datafield tag="653" ind2=" " ind1=" ">
      <subfield code="a">Depression</subfield>
   </datafield>
   <datafield tag="653" ind2=" " ind1=" ">
      <subfield code="a">Depressive disorder</subfield>
   </datafield>
   <datafield tag="653" ind2=" " ind1=" ">
      <subfield code="a">Surveys and questionnaires</subfield>
   </datafield>
   <datafield tag="653" ind2=" " ind1=" ">
      <subfield code="a">Delphi technique</subfield>
   </datafield>
   <datafield ind2="0" ind1="0" tag="245">
      <subfield code="a">Traducción y adaptación transcultural al español, catalán y gallego de la escala Hopkins Symptom Checklist-25 para la detección de depresión en Atención Primaria</subfield>
   </datafield>
</record></metadata></record></GetRecord></OAI-PMH>